|
|
|
|
| LEADER |
00000cam a22000004a 4500 |
| 001 |
musev2_8747 |
| 003 |
MdBmJHUP |
| 005 |
20230905041003.0 |
| 006 |
m o d |
| 007 |
cr||||||||nn|n |
| 008 |
080926s2009 wiu o 00 0 eng d |
| 010 |
|
|
|z 2008039538
|
| 020 |
|
|
|a 9780299230630
|
| 020 |
|
|
|z 9780299230609
|
| 035 |
|
|
|a (OCoLC)826464185
|
| 040 |
|
|
|a MdBmJHUP
|c MdBmJHUP
|
| 043 |
|
|
|a n-us-wi
|
| 050 |
0 |
4 |
|a F586.42.C74
|b C74 2009
|
| 082 |
0 |
|
|a 977.5/67
|a B
|2 22
|
| 100 |
1 |
|
|a Crehore, Dave.
|
| 245 |
1 |
0 |
|a Sweet and Sour Pie :
|b A Wisconsin Boyhood /
|c Dave Crehore.
|
| 264 |
|
1 |
|a Madison, Wis. :
|b Terrace Books,
|c 2009.
|
| 264 |
|
3 |
|a Baltimore, Md. :
|b Project MUSE,
|c 2012
|
| 264 |
|
4 |
|c ©2009.
|
| 300 |
|
|
|a 1 online resource (216 pages).
|
| 336 |
|
|
|a text
|b txt
|2 rdacontent
|
| 337 |
|
|
|a computer
|b c
|2 rdamedia
|
| 338 |
|
|
|a online resource
|b cr
|2 rdacarrier
|
| 588 |
|
|
|a Description based on print version record.
|
| 600 |
1 |
0 |
|a Crehore, Dave
|x Childhood and youth.
|
| 651 |
|
0 |
|a Manitowoc (Wis.)
|x Social life and customs.
|
| 651 |
|
0 |
|a Manitowoc (Wis.)
|x Biography.
|
| 655 |
|
7 |
|a Electronic books.
|2 local
|
| 710 |
2 |
|
|a Project Muse.
|e distributor
|
| 830 |
|
0 |
|a Book collections on Project MUSE.
|
| 856 |
4 |
0 |
|z Texto completo
|u https://projectmuse.uam.elogim.com/book/8747/
|
| 945 |
|
|
|a Project MUSE - Custom Collection
|
| 945 |
|
|
|a Project MUSE - Archive Complete Foundation
|
| 945 |
|
|
|a Project MUSE - Archive US Regional Studies, Midwest Foundation
|